50 Masters of the Universe Questions - Statistics

General Stats
  • This quiz has been taken 118 times
    36 since last reset
  • The average score is 35 of 50
Answer Stats
Question Answer % Correct
What is He-Man's power weapon? Sword
100%
What is relation between Adam and Adora? Brother and sister
94%
What is Princess Adora's alter ego? She-Ra
94%
What is the name of Prince Adam's pet? Cringer
90%
What is Man-At-Arms' real name? Duncan
90%
What species of wild cat is Battle Cat? Tiger
90%
Who is Teela's stepfather? Man-At-Arms
87%
Who is the king of a species of amphibious humanoid creatures who inhabit the oceans of the planet Eternia? Mer-Man
87%
In 1980s Filmation series who does not know He-Man's double identity secret? Teela
87%
What is the name of the Heroic nature god whose power is to camouflage into foliage and to control all plant life? Moss Man
84%
Who is the creator of the Cosmic Key? Gwildor
81%
Who is Skeletor's former teacher? Hordak
81%
Who is King Randor's long-lost brother? Keldor
81%
Who is the leader of the Snake men? King Hiss
81%
What is the name of a Heroic warrior who was given a bionic neck after bad injury? Mekaneck
81%
What symbol members of the Evil Horde have on their chests? Red bat
81%
Which character was created when Tuvar and Badra were magically fused together in an unrepeatable spell by Skeletor? Two-Bad
81%
Who is a multi-bodied monster, a scientist, and a member of the Evil Horde, who is known for creating Multi-Bot? Modulok
77%
What kind of species is Faker? Robot
77%
What is the name of the Heroic elephantine cyborg? Snout Spout
77%
Man-E-Faces is a Heroic warrior who cannot change his face to what? A bird
74%
Who is the second-in-command of the Evil warriors? Evil-Lyn
74%
Who raised Princess Adora before she became a Force Captain in the Horde? Shadow Weaver
74%
Which member of Snake Men can turn his enemies into stone statues? Snake Face
74%
Who is the leader of a race of Bird People of Avion? Stratos
74%
Who is Teela's mother? The Sorceress
74%
What planet is Orko originally from? Trolla
74%
What caused Keldor to became Skeletor? Acid splash
71%
In 1987 movie who else except Beast-man, Karg and Saurod was sent to the Earth by Skeletor, to find the Cosmic Key? Blade
71%
What is the name of the sprawling techno-industrial labyrinth that is serving as the home base for Hordak? Fright Zone
71%
Who is a hairy man-beast creature, member of the Evil Horde, who attacks his opponents with the power of brute strength? Grizzlor
71%
What is the main power of Kobra Khan? Spraying sleep mist
68%
Who did Adora join the fight against Evil Horde? The Great Rebellion
65%
What is the most magical site on all of Etheria? Crystal Castle
61%
As revealed in the 2002 cartoon series who is Man-At-Arms' older brother? Fisto
61%
What is Queen Marlena's real name? Marlena Glenn
61%
What is Eternos? The palace
61%
Who is an enigmatic cosmic enforcer, generally being portrayed as neutral in the battle between good and evil? Zodac
61%
Which ability Tri-Klops does not have? Burn objects with eyes
58%
Which planet is ruled by Hordak? Etheria
58%
Who rules Subternia, the Underworld Land of the dead? Scare Glow
58%
What is the name of the Sorceress of the Castle Grayskull? Teela Na
58%
What type of bird is Zoar? Falcon
55%
Who is King Randor's long-lost father? King Miro
52%
Who is the leader of the Rock People? Stonedar
52%
Who is the supreme ruler of the Evil Horde? Horde Prime
48%
Who is the Captain of the Eternian Royal Guard? Teela
48%
What planet are the peaceful Rock People originated from? Geolon
39%
Who is the general of King Hiss' troops and his right-hand man? Rattlor
39%
What is a terrible dark dimension and an otherwordly realm that was capable of being summoned by powerful sorcerers in order to entrap their foes? Despondos
26%
No matching quizzes found
Score Distribution
Percent of People with Each Score
Percentile by Number Answered
Your Score History
You have not taken this quiz since the last reset